Digital mammography (رقم التسجيلة. 24242)

تفاصيل مارك
000 -الفاتح
حقل البيانات ثابتة الطول 01747cam a22005054a 4500
001 - رقم الضبط
رقم الضبط 8363424
003 - محدد رقم الضبط
رقم الضبط OSt
005 - وقت وتاريخ اخر تعامل مع التسجيلة
رقم الضبط 20150408114046.0
006 - عناصر البيانات ثابتة الطول - خصائص المادة الاضافية-معلومات عامة
حقل البيانات ثابتة الطول m d
007 - الحقل الثابت للوصف المادى- معلومات عامة
حقل البيانات ثابتة الطول cr n
008 - عناصر البيانات ثابتة الطول - معلومات عامة
حقل البيانات ثابتة الطول 120623s2010 gw a |sb 001 0 eng d
015 ## - رقم الببليوجرافية الوطنية
رقم الببليوجرافية الوطنية GBA972571
المصدر bnb
016 7# - رقم ضبط الوكاله الوطنية للضبط الببليوجرافي
رقم ضبط التسجيلة 101522150
المصدر DNLM
016 7# - رقم ضبط الوكاله الوطنية للضبط الببليوجرافي
رقم ضبط التسجيلة 015332747
المصدر Uk
020 ## - الرقم الدولى المعيارى للكتب
الرقم الدولى المعيارى للكتاب 9783540784494
020 ## - الرقم الدولى المعيارى للكتب
الرقم الدولى المعيارى للكتاب
020 ## - الرقم الدولى المعيارى للكتب
الرقم الدولى المعيارى للكتاب
020 ## - الرقم الدولى المعيارى للكتب
الرقم الدولى المعيارى للكتاب
035 ## - رقم ضبط النظام
رقم ضبط النظام (WaSeSS)ssj0000399726
040 ## - مصدر الفهرسة
وكالة الفهرسة الأصلية NLM
وكالة النسخ MU
وكالة التعديل UKM
-- OHX
-- YDXCP
-- PAU
-- BTCTA
-- VRC
-- DLC
-- WaSeSS
042 ## - رمز التحقق
رمز التحقق pcc
050 #4 - رقم طلب مكتبة الكونجرس
رقم التصنيف
رقم المادة
060 00 - رقم الطلب بالمكتبة الطبية الوطنية
رقم التصنيف
060 10 - رقم الطلب بالمكتبة الطبية الوطنية
رقم التصنيف
رقم المادة
082 ## - رقم تصنيف ديوى العشرى
رقم الطبعة 22
رقم التصنيف 618.1907572
رقم المادة D I M
210 10 - العنوان المختصر
العنوان المختصر Digital mammography
245 00 - بيان العنوان
العنوان Digital mammography
الوسيط [electronic resource] /
بيان المسئوليه,etc U. Bick, F. Diekmann (eds.) ; with contributions by C. Balleyguier ... [et al.] ; foreword by A.L. Baert.
260 ## - PUBLICATION, DISTRIBUTION, ETC. (IMPRINT)
مكان الناشر او الموزع Heidelberg :
اسم الناشر او الموزع Springer,
تاريخ النشر أو التوزيع 2010.
300 ## - الوصف المادى
التعداد xiii, 216 p.:
تفاصيل ماديه اخرى للوعاء ill. ;
أبعاد الوعاء 28 cm.
490 1# - بيان السلسلة
عنوان السلسلة Medical radiology. Diagnostic imaging,
الرقم الدولى المعيارى للدوريات 0942-5373
504 ## - تبصرة ببليوجرافية
تبصرة ببليوجرافية,الخ Includes bibliographical references and index.
506 ## - تبصرة قيود الاتاحة
قيود الإتاحة License restrictions may limit access.
650 #4 - المدخل الاضافى بالموضوع-مصطلح موضوعى
مصطلح موضوعي أو اسم جغرافي كعنصر مدخل Breast
التقسيم الفرعي العام Radiography.
650 #4 - المدخل الاضافى بالموضوع-مصطلح موضوعى
مصطلح موضوعي أو اسم جغرافي كعنصر مدخل Radiography, Medical
التقسيم الفرعي العام Digital techniques.
9 (RLIN) 16201
650 #4 - المدخل الاضافى بالموضوع-مصطلح موضوعى
مصطلح موضوعي أو اسم جغرافي كعنصر مدخل Breast
التقسيم الفرعي العام Cancer
-- Diagnosis.
9 (RLIN) 11075
650 #4 - المدخل الاضافى بالموضوع-مصطلح موضوعى
مصطلح موضوعي أو اسم جغرافي كعنصر مدخل Mammography.
650 #4 - المدخل الاضافى بالموضوع-مصطلح موضوعى
مصطلح موضوعي أو اسم جغرافي كعنصر مدخل Signal Processing, Computer-Assisted.
9 (RLIN) 16202
700 1# - المدخل الاضافى - اسم شخصى
الإسم الشخصى Bick, U.
الشكل الأكمل للاسم (Ulrich)
9 (RLIN) 16203
700 1# - المدخل الاضافى - اسم شخصى
الإسم الشخصى Diekmann, F.
الشكل الأكمل للاسم (Felix)
9 (RLIN) 16204
773 #0 - مدخل المادة المضيفة
العنوان SpringerLink ebooks - Medicine (2010)
830 #0 - المدخل الاضافى بالسلسلة -عنوان موحد
عنوان موحد Medical radiology,
9 (RLIN) 15960
856 40 - الوصول و الموقع الالكترونى
معرف المصدر الموحد <a href="http://www.columbia.edu/cgi-bin/cul/resolve?clio8363424">http://www.columbia.edu/cgi-bin/cul/resolve?clio8363424</a>
تبصرة عامة Full text available from SpringerLink ebooks - Medicine (2010)
910 ## - بيانات اختيارية للمستخدم
User-option data Library of Congress record
942 ## - عناصر المدخل الإضافي( كوها)
مصدر التصنيف او مخطط الترفيف Dewey Decimal Classification
Koha [default] item type DVD
المقتنيات
حالة الفقد نموذج السعر الفعال حالة تلف ليس للاعارة رقم الطلب رقم النسخة تاريخ الاكتساب الموقع الحالي الباركود الفرع الرئيسي Date last seen نوع المادة فى نظام كوها مصدر التصنيف او خطة الترفيف Total Checkouts
  2013-03-10     618.1907572 D I M C. 1 2012-06-23 المكتبة المركزية بالمجمعة (CL) 00109681 المكتبة المركزية بالمجمعة (CL) 2013-03-10 كتاب Dewey Decimal Classification  
  2013-03-10     618.1907572 D I M C. 2 2012-06-23 المكتبة المركزية بالمجمعة (CL) 00109682 المكتبة المركزية بالمجمعة (CL) 2013-03-10 كتاب Dewey Decimal Classification  
  2013-03-10     618.1907572 D I M C. 3 2012-06-23 المكتبة المركزية بالمجمعة (CL) 00109683 المكتبة المركزية بالمجمعة (CL) 2013-03-10 كتاب Dewey Decimal Classification